Descentralització i municipalització de l'educació als països de l'OCDE / Francesc Pedró

per Pedró, Francesc

ISBN: 978-84-9803-143-0
Descripció física: 334 p. : taules ; 24 cm

MARC

LEADER 00000nam a2200000Ia 4500
001 22234
008 160829s2009 xx 000 0 cat d
020 |a 978-84-9803-143-0 
080 |a M-6-302 
100 |a Pedró, Francesc  |9 43992 
245 |a Descentralització i municipalització de l'educació als països de l'OCDE / Francesc Pedró 
260 |a Barcelona :  |b Diputació de Barcelona. Àrea d'Educació,  |c 2009 
300 |a 334 p. :  |b  taules ;  |c 24 cm 
490 |a Estudis. Educació ; 1 
590 |a Bibliografia 
650 0 |a Política educativa   |9 39345 
650 |a Escoles  |x Descentralització  |x Europa  |9 43993 
710 |a Barcelona (Catalunya : Província).  |b Àrea d'Educació  |9 8009 
901 |a Arxiu 
942 |n 1 
952 |0 0  |1 0  |4 0  |6 M6302  |7 1  |9 52882  |a Arxiu  |b Arxiu  |d 2016-12-01  |l 0  |o M-6-302  |p 22234  |r 2016-12-01 00:00:00  |w 2016-12-01  |y ARXIU 
999 |c 56731  |d 56731